Language and languages ; an introduction to linguistics /

Bibliographic Details
Main Author: Graff, Willem Laurens, 1890-
Format: Book
Language:English
Published: New York, London : D. Appleton and company, 1932.
Subjects:

MARC

Tag First Indicator Second Indicator Subfields
LEADER 00000cam a2200000 4500
001 in00000205113
005 20151009054346.0
008 750925s1932 nyuab b 00010 eng d
010 |a  32030388  
035 |a (OCoLC)01654111 
035 |9 AAW7626AM 
040 |a DLC  |c FAU  |d TXA  |d UtOrBLW 
049 |a TXAM  |c [81170] 
050 0 |a P121  |b .G7 
082 0 |a 400 
100 1 |a Graff, Willem Laurens,  |d 1890- 
245 1 0 |a Language and languages ;  |b an introduction to linguistics /  |c by Willem L. Graff. 
264 1 |a New York,  |a London :  |b D. Appleton and company,  |c 1932. 
300 |a xlvi, 487 pages :  |b illustrations, folded map, diagrams ;  |c 21 cm. 
336 |a text  |b txt  |2 rdacontent 
337 |a unmediated  |b n  |2 rdamedia 
338 |a volume  |b nc  |2 rdacarrier 
504 |a Bibliography: pages 437-471. 
650 0 |a Language and languages. 
999 |a MARS 
999 f f |s 3f840c02-8232-3093-ae99-73de1d0a855a  |i fe26d8f3-7a83-37f7-ba78-7a563c96471b  |t 0 
952 f f |p ric  |a Texas A&M University  |b Rellis Campus  |c Joint Library Facility  |s JLF  |d Remote Storage  |t 0  |e P121 .G7  |h Library of Congress classification  |i unmediated -- volume  |m A14803529165 
998 f f |a P121 .G7  |t 0  |l Remote Storage